Statistics for Top California Colleges & Universities

Click here to take the quiz!

General Stats

  • This quiz has been taken 128 times
  • The average score is 25 of 56

Answer Stats

RankInstitution% Correct
38University of California, Los Angeles
97%
2Stanford University
96%
13University of California, Berkeley
93%
30University of Southern California
87%
79University of California, San Diego
86%
84University of California, Santa Barbara
84%
142University of San Diego
83%
88University of California, Davis
82%
87University of California, Irvine
80%
8California Institute of Technology
78%
199University of California, Riverside
75%
181San Diego State University
73%
183University of California, Santa Cruz
68%
210University of San Francisco
67%
12Pomona College
66%
417Fresno State University
63%
295San Jose State University
61%
272California State University, Long Beach
60%
129Pepperdine University
60%
469Sacramento State University
58%
29Claremont McKenna College
54%
51Santa Clara University
52%
23Harvey Mudd College
50%
300California State University, Fullerton
49%
115California Polytechnic State University, San Luis Obispo
47%
335California State University, Chico
45%
499California State University, Los Angeles
43%
426San Francisco State University
43%
273California Polytechnic State University, Pomona
41%
124Loyola Marymount University
41%
474California State University, Northridge
40%
60Scripps College
37%
238University of the Pacific
34%
297Saint Mary's College of California
30%
500California State University, San Bernardino
29%
102Occidental College
29%
178Chapman University
28%
54Pitzer College
28%
623Humboldt State University
27%
492California State University, East Bay
25%
416Azusa Pacific University
23%
457Sonoma State University
23%
293Biola University
20%
275University of Redlands
16%
255California Lutheran University
14%
434California State University, Stanislaus
13%
455University of LaVerne
10%
236Westmont College
10%
309California Maritime Academy
9%
343Mills College
9%
263Point Loma Nazarene University
9%
429Whittier College
9%
552Vanguard University
8%
402California Institute of the Arts
5%
524Mount Saint Mary's University
4%
332Master's University
3%

Score Distribution

Percentile by Number Answered

Percent of People with Each Score

Your Score History

You have not taken this quiz